00461nam a22001097a 4500003000400000005001700004008004100021040000800062100004600070245020900116260002600325OSt20250910134731.0250910b |||||||| |||| 00| 0 eng d cKMU aMukuka, KelvineFisheries and Aquaculture aThe effects of the drological cycle and physico-chemical factors on the body condition of Marcusenius Altisa Mbesi ( Kramer at AL. 2007) a small mormyrid species of the upper Zambezi river/cKelvin Mukuka aChinsali:bKMU,c2014